Guess the Taylor Swift Song (no hints) 105 - Statistics

General Stats
  • This quiz has been taken 92 times
  • The average score is 394 of 462
Answer Stats
Answer % Correct
a
100%
I
100%
I,
100%
me
100%
of
98%
And
96%
and
96%
are
96%
do
96%
in
96%
it
96%
It
96%
on
96%
to
96%
we
96%
when
96%
you
96%
You
96%
all
94%
all,
94%
be
94%
it's
94%
the
94%
The
94%
too
94%
Too
94%
But
92%
but
92%
like
92%
my
92%
So
92%
so
92%
was
92%
We're
92%
were
92%
your
92%
Your
92%
again
90%
for
90%
I'm
90%
night
90%
no
90%
here
88%
not
88%
remember
88%
there
88%
there,
88%
up
88%
well
88%
well,
88%
with
88%
can
86%
just
86%
know
86%
still
86%
could
84%
dancing
84%
even
84%
got
84%
house
84%
light
84%
middle
84%
now
84%
Now
84%
that
84%
this
84%
you've
84%
at
82%
call
82%
'Cause
82%
'cause
82%
I'd
82%
left
82%
long
82%
Oh,
82%
scarf
82%
sister's
82%
why
82%
air
80%
by
80%
cold
80%
down
80%
Down
80%
ever
80%
get
80%
gone
80%
kitchen
80%
lost
80%
more
80%
one
80%
thing
80%
walk
80%
walked
80%
about
78%
car,
78%
door
78%
felt
78%
home
78%
maybe
78%
Maybe
78%
nothing
78%
'round
78%
something
78%
stairs,
78%
through
78%
being
76%
break
76%
drawer
76%
else
76%
from
76%
future
76%
name
76%
over
76%
piece
76%
promise
76%
red
76%
somehow
76%
street
76%
team
76%
Time
76%
told
76%
used
76%
'bout
74%
fine
74%
forget
74%
little
74%
lookin'
74%
masterpiece
74%
much
74%
needed
74%
past
74%
sweet
74%
telling
74%
these
74%
thinking
74%
town
74%
translation
74%
asked
72%
bed
72%
cruel
72%
days
72%
enough
72%
gaze
72%
getting
72%
hair,
72%
honest
72%
lying
72%
mother's
72%
okay
72%
paper
72%
refrigerator
72%
stories
72%
tore
72%
turning
72%
after
70%
After
70%
can't
70%
casually
70%
find
70%
loved
70%
might
70%
ran
70%
twin-sized
70%
upstate
70%
very
70%
wide-eyed
70%
Wind
70%
almost
68%
cheeks
68%
disposition
68%
first
68%
glasses
68%
kid
68%
old
68%
picture
68%
self
68%
'til
68%
album
66%
magic's
66%
Photo
66%
Running
66%
scared,
66%
smells
66%
things
66%
trying
66%
yeah
66%
back
64%
Back
64%
into
64%
place
64%
rare,
64%
singing
64%
tee-ball
64%
alone
62%
Autumn
62%
before
62%
counter
62%
crumpled
62%
keep
62%
known
62%
leaves
62%
made
62%
own
62%
real
62%
reminds
62%
week
62%
pieces
60%
falling
58%
innocence
58%
nights
58%
rid
58%
won't
58%
paralyzed
56%
fly,
54%
shirt
54%
plaid
52%
mail
50%
No matching quizzes found
Score Distribution
Percent of People with Each Score
Percentile by Number Answered
Your Score History
You have not taken this quiz